000 00484cam a2200181ua 4500
020 _cRs 1.50
041 _amal
_h
082 _a894.812 2
_bVEE/NA
100 _aVeeraraghavan Nair, P K .
245 _aNaale kanunnavane innu kaanunnilla /
_cP K Veeraraghavan Nair.
_hTextual Documents
260 _aKottayam :
_bNational Book Stall ,
_c1960.
300 _a99 ; .
365 _aRs 1.50
504 _a
650 _aDrama - Malayalam
942 _cBK
999 _c586
_d586